Expressions de la langue française utilisant le mot poil - Statistiques

Statistiques générales
  • Ce quiz a été pris 320 fois
  • Le résultat moyen est 9 sur 14
Statistiques - réponses
Expression Mot manquant % Correct
reprendre du poil de la ... bête
99%
agacé : être de .... poil mauvais
97%
content : être de ... poil bon
94%
ne plus avoir un poil sur le ... (petite pierre) caillou
92%
paresseux : avoir un poil dans la .... main
89%
c'est juste, ça tombe ... poil pile
86%
devenir adulte :avoir du poil au ... menton
81%
flatter : .... dans le sens du poil caresser
79%
tout nu : ... à poil être
59%
de toutes sortes : de ... poil tout
56%
à l'envers : à ....- poil rebrousse
49%
attaquer par surprise : ... . sur le poil tomber
21%
pinailler : chercher le poil dans l'... oeuf
9%
le lapin est un ... à poil gibier
7%
Aucun quiz correspondant
Distribution des résultats
% des personnes avec chaque résultat
Percentile par nombre de réponses
Votre historique - résultats
Vous n’avez pas pris ce quiz